Molecular and metallic hydrogen /

Bibliographic Details
Main Author: Ross, Marvin
Corporate Authors: Rand Corporation, United States. Defense Advanced Research Projects Agency
Other Authors: Shishkevish, Charles
Format: Book
Language:English
Published: Santa Monica, [publisher not identified] ; Rand, 1977.
Subjects:

MARC

Tag First Indicator Second Indicator Subfields
LEADER 00000cam a2200000 i 4500
001 in00001073621
005 20150929111200.0
008 771101s1977 cau b 000 0 eng d
035 |a (OCoLC)03386046 
035 |9 AFQ3956AM 
040 |a SUC  |c SUC  |d m.c.  |d TXA  |d UtOrBLW 
049 |a TXAM 
090 |a QC145.45.H9  |b R67 1977 
100 1 |a Ross, Marvin. 
245 1 0 |a Molecular and metallic hydrogen /  |c Marvin Ross and Charles Shishkevish. 
264 1 |a Santa Monica,  |b [publisher not identified] ;  |c Rand,  |c 1977. 
300 |a xxii, 111 pages ;  |c 28 cm. 
336 |a text  |b txt  |2 rdacontent 
337 |a unmediated  |b n  |2 rdamedia 
338 |a volume  |b nc  |2 rdacarrier 
500 |a A report prepared for Defense Advance Research Projects Agency. 
504 |a Bibliography: pages 101-111. 
500 |a "R-2-56-ARPA." 
500 |a "May 1977." 
650 0 |a Hydrogen. 
650 0 |a Solid hydrogen. 
700 1 |a Shishkevish, Charles. 
710 2 |a Rand Corporation. 
710 1 |a United States.  |b Defense Advanced Research Projects Agency. 
740 0 |a Metallic hydrogen 
999 |a MARS 
999 f f |s 5f169c06-040d-3173-8d09-dd08dd95c60e  |i fbec02d9-1825-3fa5-a991-d41774fdb108  |t 0 
952 f f |p normal  |a Texas A&M University  |b College Station  |c Sterling C. Evans Library  |d Evans: Library Stacks  |t 0  |e QC145.45.H9 R67 1977  |h Library of Congress classification  |i unmediated -- volume  |m A14816388641 
998 f f |a QC145.45.H9 R67 1977  |t 0  |l Evans: Library Stacks